000 00629nam a2200229Ia 4500
003 OSt
005 20220925230009.0
006 a|||||r|||| 00| 0
007 ta
008 220923b |||||||| |||| 00| 0 eng d
037 _cGeneral Book
040 _aRTL
_cRTL
_beng
041 _2eng
_aeng
082 _aU.2.L8, A/GD
100 _aRennell James
_9283495
245 0 _aMemoir of a map of Hindoostan or the Mogul empire
260 _aLondon
_bThe author
300 _a284p
_ccm.
650 _aIndia Geography
_9170575
942 _hU.2.L8, A/GD
_cGB
_2CC
999 _c584515
_d584515